000 01455cam a2200445Li 4500
001 1487952
003 DPL
005 20161013160533.0
008 160129s2016 mnua j 001 0 spa d
010 _a 2015954502
020 _a9781680804355
_q(library binding)
020 _a1680804359
_q(library binding)
035 _a(OCoLC)936820955
035 _a1468443
035 _a(OCoLC)ocn936820955
035 _a(Pol)1468443
037 _a1400748
_bQBI
040 _aQBX
_beng
_erda
_cQBX
_dOCLCO
_dOCLCF
_dOCLCO
_dDPL
041 1 _aspa
_heng
100 1 _aMurray, Julie,
_d1969-
_eauthor.
240 1 0 _aI can touch.
_lSpanish.
245 1 0 _aPuedo tocar /
_cJulie Murray ; Spanish translator: Maria Puchol.
260 _aMinneapolis, Minnesota :
_bAbdo Kids,
_c2016.
264 1 _aMinneapolis, Minnesota :
_bAbdo Kids,
_c[2016]
300 _a24 pages :
_bcolor illustrations ;
_c23 x 25 cm.
336 _atext
_btxt
_2rdacontent.
336 _astill image
_bsti
_2rdacontent.
337 _aunmediated
_bn
_2rdamedia.
338 _avolume
_bnc
_2rdacarrier.
490 1 _aLos sentidos.
500 _aIncludes index.
546 _aIn Spanish.
650 0 _aTouch
_vJuvenile literature.
650 1 _aTouch.
650 1 _aSpanish language materials.
700 1 _aPuchol, Maria,
_etranslator.
700 1 _iTranslation of:
_aMurray, Julie,
_d1969-
_tI can touch.
_lEnglish.
800 1 _aMurray, Julie,
_d1969-
_tSenses.
_lSpanish.
942 _cBK
_2ddc
999 _c16127
_d16127